[Event "Brescia op"]
[Site "Brescia"]
[Date "2009.06.09"]
[Round "4"]
[White "Ignacz, Rozsa"]
[Black "Bodiroga, Predrag"]
[Result "0-1"]
[WhiteElo "2099"]
[BlackElo "2422"]
[PlyCount "30"]
[EventDate "2009.06.06"]
[EventType "swiss"]
[EventRounds "9"]
[EventCountry "ITA"]
[SourceTitle "EXT 2010"]
[Source "ChessBase"]
[SourceDate "2010.11.25"]
[SourceVersion "1"]
[SourceVersionDate "2010.11.25"]
[SourceQuality "1"]

1. d4 Nf6 2. c4 c5 3. d5 g6 4. Nc3 Bg7 5. Nf3 0-0 6. e4 d6 7. Bd3 e5 8. 0-0 Ne8 9. Bg5 Qc7 10. Qc1 f5 11. Bh6 f4 12. Bxg7 Qxg7 13. h4 h6 14. Nh2 Qf6 15. g3 Bh3 0-1

[Event "HUN-chT2 Charousek 0809"]
[Site "Hungary"]
[Date "2009.01.11"]
[Round "5"]
[White "Horvath, Reka"]
[Black "Ignacz, Rozsa"]
[Result "1-0"]
[WhiteElo "1967"]
[BlackElo "2061"]
[PlyCount "49"]
[EventDate "2008.10.26"]
[EventType "tourn"]
[EventRounds "11"]
[EventCountry "HUN"]
[SourceTitle "EXT 2010"]
[Source "ChessBase"]
[SourceDate "2010.11.25"]
[SourceVersion "1"]
[SourceVersionDate "2010.11.25"]
[SourceQuality "1"]
[WhiteTeam "Haladas II"]
[BlackTeam "Honved"]
[WhiteTeamCountry "HUN"]
[BlackTeamCountry "HUN"]

1. e4 c6 2. d4 d5 3. Nc3 dxe4 4. Nxe4 Bf5 5. Ng3 Bg6 6. Nf3 Nd7 7. Bd3 Bxd3 8. Qxd3 e6 9. Bf4 Qa5+ 10. c3 Ngf6 11. 0-0 c5 12. Rfe1 cxd4 13. Nxd4 Be7 14. Ngf5 exf5 15. Nxf5 0-0 16. Rxe7 Rad8 17. b4 Qd5 18. Re3 Qxd3 19. Rxd3 Rfe8 20. Kf1 Re6 21. Rad1 g6 22. Bg5 Rde8 23. Nd6 Rb8 24. Rf3 Kg7 25. Nxf7 1-0

[Event "Pamplona op"]
[Site "Pamplona"]
[Date "2008.12.28"]
[Round "8"]
[White "Ballina Amandi, Casimiro"]
[Black "Ignacz, Rozsa"]
[Result "0-1"]
[WhiteElo "1925"]
[BlackElo "2061"]
[PlyCount "46"]
[EventDate "2008.12.22"]
[EventType "swiss"]
[EventRounds "9"]
[EventCountry "ESP"]
[SourceTitle "CBM 127 Extra"]
[Source "ChessBase"]
[SourceDate "2009.01.08"]
[SourceVersion "2"]
[SourceVersionDate "2009.01.28"]
[SourceQuality "1"]

1. e4 c6 2. d4 d5 3. e5 Bf5 4. Nc3 e6 5. g4 Bg6 6. Nge2 Be7 7. Bf4 c5 8. Qd2 Nc6 9. a3 a6 10. dxc5 Bxc5 11. 0-0-0 Bxf2 12. Ng3 Bd4 13. Qe1 Qa5 14. Nb1 Qxe1 15. Rxe1 Nge7 16. Nd2 Bf2 17. Rd1 Rc8 18. Nb3 Bxc2 19. Kxc2 Nd4+ 20. Kb1 Nxb3 21. Nh5 0-0 22. Ka2 Na5 23. Bd2 Nac6 0-1

[Event "Pamplona op"]
[Site "Pamplona"]
[Date "2008.12.23"]
[Round "3"]
[White "Rudolf, Anna"]
[Black "Ignacz, Rozsa"]
[Result "1-0"]
[WhiteElo "2318"]
[BlackElo "2061"]
[PlyCount "49"]
[EventDate "2008.12.22"]
[EventType "swiss"]
[EventRounds "9"]
[EventCountry "ESP"]
[SourceTitle "CBM 127 Extra"]
[Source "ChessBase"]
[SourceDate "2009.01.08"]
[SourceVersion "2"]
[SourceVersionDate "2009.01.28"]
[SourceQuality "1"]

1. e4 c6 2. d4 d5 3. e5 Bf5 4. Nf3 e6 5. Be2 h6 6. 0-0 c5 7. c4 Nc6 8. cxd5 exd5 9. Nc3 c4 10. b3 Bb4 11. Bb2 cxb3 12. Qxb3 Nge7 13. Nb5 Ng6 14. Ba3 Bxa3 15. Qxa3 Qe7 16. Nd6+ Kf8 17. Qe3 Be6 18. Rab1 b6 19. Bd3 Nh4 20. Nxh4 Qxh4 21. f4 g6 22. g3 Qe7 23. f5 gxf5 24. Bxf5 Bxf5 25. Rxf5 1-0

[Event "HUN-chT U18"]
[Site "Miskolc"]
[Date "2008.10.28"]
[Round "2.7"]
[White "Ignacz, Rozsa"]
[Black "To, Nhat Minh"]
[Result "0-1"]
[WhiteElo "2061"]
[BlackElo "2342"]
[PlyCount "120"]
[EventDate "2008.10.27"]
[EventType "team-swiss"]
[EventRounds "8"]
[EventCountry "HUN"]
[SourceTitle "EXT 2016"]
[Source "ChessBase"]
[SourceDate "2015.10.08"]
[SourceVersion "1"]
[SourceVersionDate "2015.10.08"]
[SourceQuality "1"]

1. d4 Nf6 2. c4 e6 3. Nc3 Bb4 4. Qc2 Nc6 5. Nf3 d6 6. a3 Bxc3+ 7. Qxc3 a5 8. Qc2 0-0 9. Bg5 h6 10. Bh4 g5 11. Bg3 g4 12. Nd2 Nxd4 13. Qc3 e5 14. e3 Qe7 15. 0-0-0 Nf5 16. Bd3 Ne8 17. Be2 Neg7 18. f3 Qg5 19. Bf2 h5 20. e4 Ne7 21. fxg4 hxg4 22. h3 gxh3 23. gxh3 f5 24. Rdg1 Qh6 25. Be3 f4 26. Bf2 b6 27. Rg2 Kh8 28. Rhg1 Ne6 29. Bf3 Rg8 30. Bg4 Bd7 31. Nf3 Rg7 32. Bh4 Rag8 33. Qd2 Nc6 34. Kb1 Nc5 35. Bxd7 Rxg2 36. Rxg2 Rxg2 37. Qxg2 Nxd7 38. Qg4 Nf8 39. Qf5 Kg8 40. Qc8 Qh7 41. Qg4+ Qg7 42. Ng5 Nd4 43. Bf2 Nde6 44. h4 Qg6 45. Qf5 Qxf5 46. exf5 Ng7 47. f6 Nh5 48. f7+ Kg7 49. Kc2 Nf6 50. Kd3 N6h7 51. Ne4 Kxf7 52. b4 axb4 53. axb4 Nd7 54. Nc3 Ndf6 55. Nb5 Ne8 56. c5 bxc5 57. bxc5 Ke6 58. Ke4 d5+ 59. Kf3 Kf5 60. c6 Nf8 0-1

[Event "Budapest FS10 FM-A"]
[Site "Budapest"]
[Date "2008.10.06"]
[Round "3"]
[White "Tesik, Csaba"]
[Black "Ignacz, Rozsa"]
[Result "1/2-1/2"]
[WhiteElo "2093"]
[BlackElo "2061"]
[PlyCount "96"]
[EventDate "2008.10.04"]
[EventType "tourn"]
[EventRounds "11"]
[EventCountry "HUN"]
[SourceTitle "EXT 2010"]
[Source "ChessBase"]
[SourceDate "2010.11.25"]
[SourceVersion "1"]
[SourceVersionDate "2010.11.25"]
[SourceQuality "1"]

1. e4 c6 2. Ne2 d5 3. e5 Bf5 4. d4 e6 5. Ng3 Bg6 6. Bd3 Bxd3 7. Qxd3 Ne7 8. Be3 Qc7 9. 0-0 Nd7 10. f4 c5 11. c3 Nc6 12. Nd2 cxd4 13. cxd4 Nb4 14. Qe2 Qc2 15. a3 Nd3 16. b3 g6 17. Rfd1 Rc8 18. Nf3 Qxe2 19. Nxe2 Rc2 20. Rxd3 Rxe2 21. Rc3 b5 22. Kf1 Rxe3 23. Rxe3 Kd8 24. Ng5 Ke7 25. Rc3 h6 26. Nf3 Kd8 27. a4 Bb4 28. Rc6 bxa4 29. Rxa4 a5 30. Ne1 Nb8 31. Rc2 Kd7 32. Nd3 Nc6 33. Nxb4 axb4 34. Rd2 g5 35. Kf2 gxf4 36. Kf3 h5 37. Rd3 f6 38. exf6 Rf8 39. Rd2 Rxf6 40. Ra8 Kd6 41. Kf2 Rf7 42. Ra6 Rc7 43. Kf3 e5 44. Rb6 Ke6 45. Rc2 Kd7 46. Rbxc6 e4+ 47. Kxf4 Rxc6 48. Rb2 Ke6 1/2-1/2

[Event "EU-chT U18 Girls 8th"]
[Site "Szeged"]
[Date "2008.06.15"]
[Round "2"]
[White "Bucar, Natasa"]
[Black "Ignacz, Rozsa"]
[Result "1-0"]
[WhiteElo "1800"]
[BlackElo "2105"]
[PlyCount "83"]
[EventDate "2008.06.14"]
[EventType "team-tourn"]
[EventRounds "7"]
[EventCountry "HUN"]
[SourceTitle "EXT 2020"]
[Source "ChessBase"]
[SourceDate "2019.10.17"]
[SourceVersion "1"]
[SourceVersionDate "2019.10.17"]
[SourceQuality "1"]
[WhiteTeam "Slovenia U18 (W)"]
[BlackTeam "Hungary U18 (W)"]
[WhiteTeamCountry "SLO"]
[BlackTeamCountry "HUN"]

1. e4 c6 2. d4 d5 3. Nc3 dxe4 4. Nxe4 Bf5 5. Ng3 Bg6 6. Bc4 e6 7. N1e2 Bd6 8. 0-0 Nf6 9. f4 Qc7 10. f5 exf5 11. Nxf5 Bxh2+ 12. Kh1 0-0 13. g3 Bxf5 14. Rxf5 Bxg3 15. Rxf6 Qe7 16. Rf3 Qh4+ 17. Kg2 Qh2+ 18. Kf1 Qh3+ 19. Kg1 Bh2+ 20. Kf2 Qh4+ 21. Ng3 Nd7 22. Kg2 Nf6 23. Bf4 Bxg3 24. Bxg3 Qg5 25. Bd3 Nd5 26. Qc1 Qxc1 27. Rxc1 Rfe8 28. Re1 Rxe1 29. Bxe1 g5 30. Bd2 h6 31. c4 Nc7 32. Bc3 Ne6 33. Kf2 Rd8 34. Ke3 Nf4 35. Bf1 Kh7 36. Kf2 Kg6 37. Re3 Rd7 38. b4 h5 39. a4 a6 40. Bb2 Ne6 41. Bd3+ f5 42. Rxe6+ 1-0

[Event "HUN-chT 0708"]
[Site "Hungary"]
[Date "2008.05.18"]
[Round "11"]
[White "Ignacz, Rozsa"]
[Black "Nemeth, Denes"]
[Result "0-1"]
[WhiteElo "2079"]
[BlackElo "2007"]
[PlyCount "64"]
[EventDate "2007.10.14"]
[EventType "team-tourn"]
[EventRounds "11"]
[EventCountry "HUN"]
[SourceTitle "EXT 2009"]
[Source "ChessBase"]
[SourceDate "2008.11.26"]
[SourceVersion "1"]
[SourceVersionDate "2008.11.26"]
[SourceQuality "1"]
[WhiteTeam "Honved"]
[BlackTeam "Haladas"]
[WhiteTeamCountry "HUN"]
[BlackTeamCountry "HUN"]

1. d4 Nf6 2. c4 e6 3. Nc3 Bb4 4. Qc2 0-0 5. a3 Bxc3+ 6. Qxc3 b5 7. cxb5 c6 8. e3 cxb5 9. Nf3 a6 10. Bd3 Bb7 11. Qc2 d6 12. e4 e5 13. 0-0 Nbd7 14. b4 Rc8 15. Qb1 exd4 16. Nxd4 d5 17. exd5 Ne5 18. Bb2 Nc4 19. Bxc4 bxc4 20. Nc6 Bxc6 21. dxc6 Rxc6 22. Bc3 Nd5 23. Qc1 Qh4 24. Bd2 Re8 25. Re1 Rxe1+ 26. Qxe1 Re6 27. Qf1 c3 28. Rc1 Qd4 29. Qd1 h6 30. Be1 Qc4 31. g3 Nf4 32. gxf4 Rg6+ 0-1

[Event "HUN-chT 0708"]
[Site "Hungary"]
[Date "2008.04.13"]
[Round "10"]
[White "Ignacz, Maria"]
[Black "Ignacz, Rozsa"]
[Result "1-0"]
[WhiteElo "2223"]
[BlackElo "2079"]
[PlyCount "101"]
[EventDate "2007.10.14"]
[EventType "team-tourn"]
[EventRounds "11"]
[EventCountry "HUN"]
[SourceTitle "EXT 2009"]
[Source "ChessBase"]
[SourceDate "2008.11.26"]
[SourceVersion "1"]
[SourceVersionDate "2008.11.26"]
[SourceQuality "1"]
[WhiteTeam "Nagykanizsa"]
[BlackTeam "Honved"]
[WhiteTeamCountry "HUN"]
[BlackTeamCountry "HUN"]

1. d4 Nf6 2. c4 e6 3. g3 c5 4. Nf3 cxd4 5. Nxd4 Bb4+ 6. Bd2 Bc5 7. Nb3 Be7 8. Bg2 Nc6 9. Nc3 0-0 10. e4 b6 11. Qe2 Bb7 12. 0-0 Rc8 13. e5 Ne8 14. Rfd1 Qc7 15. Rac1 Qb8 16. Bf4 d6 17. exd6 Bxd6 18. Bxd6 Nxd6 19. c5 Nf5 20. Ne4 Rfd8 21. cxb6 axb6 22. Rxd8+ Rxd8 23. Nf6+ gxf6 24. Bxc6 Bxc6 25. Rxc6 Rd6 26. Rc4 Qd8 27. Rc1 Ne7 28. Qg4+ Kh8 29. h4 Nd5 30. Nd4 Qd7 31. h5 h6 32. Qf3 Qd8 33. Nb5 Rd7 34. a3 Kg7 35. Rc4 f5 36. Qe2 Nf6 37. Nc3 Rd4 38. Rxd4 Qxd4 39. Qf3 Qd2 40. Na4 Qg5 41. Nxb6 Qc1+ 42. Kg2 Qxb2 43. Nc4 Qc1 44. Nd6 Qc7 45. Nb5 Qd7 46. a4 Qd5 47. Qxd5 Nxd5 48. a5 Nb4 49. Nc7 Kf8 50. a6 Nc6 51. Nb5 1-0

[Event "HUN-chT 0708"]
[Site "Hungary"]
[Date "2008.03.02"]
[Round "7"]
[White "Toth, Lili"]
[Black "Ignacz, Rozsa"]
[Result "1/2-1/2"]
[WhiteElo "2231"]
[BlackElo "2079"]
[PlyCount "138"]
[EventDate "2007.10.14"]
[EventType "team-tourn"]
[EventRounds "11"]
[EventCountry "HUN"]
[SourceTitle "EXT 2009"]
[Source "ChessBase"]
[SourceDate "2008.11.26"]
[SourceVersion "1"]
[SourceVersionDate "2008.11.26"]
[SourceQuality "1"]
[WhiteTeam "Paks"]
[BlackTeam "Honved"]
[WhiteTeamCountry "HUN"]
[BlackTeamCountry "HUN"]

1. d4 Nf6 2. Nc3 d5 3. Bg5 c6 4. Nf3 Bf5 5. Bxf6 exf6 6. e3 Bd6 7. Bd3 Be6 8. e4 Nd7 9. 0-0 0-0 10. Re1 Rc8 11. a4 Bb4 12. Re3 Bxc3 13. bxc3 dxe4 14. Rxe4 Nb6 15. Qc1 f5 16. Re5 Qf6 17. Qg5 h6 18. Qxf6 gxf6 19. Ra5 Ra8 20. Bxf5 Nc4 21. Rc5 Bd5 22. Bd3 Nb2 23. Nh4 Nxd3 24. cxd3 b6 25. Rxd5 cxd5 26. Nf5 Kh7 27. Ne3 Rfd8 28. Kf1 Rac8 29. Ra3 Kg6 30. g4 Kg5 31. Ke2 Rd7 32. Kf3 h5 33. h3 Rh8 34. Rb3 hxg4+ 35. hxg4 Rc8 36. Rb5 f5 37. c4 a6 38. Rxb6 fxg4+ 39. Kg3 dxc4 40. dxc4 Rxd4 41. Rxa6 Rc5 42. Ra8 f5 43. Rg8+ Kf6 44. Kg2 Ra5 45. Rf8+ Kg6 46. Rg8+ Kf7 47. Rc8 Rxa4 48. Nxf5 Rf4 49. Ne3 Ra2 50. Kg3 Raxf2 51. Nxg4 R2f3+ 52. Kg2 Rc3 53. Nh2 Rd4 54. Rc7+ Kg6 55. Rc6+ Kf5 56. Rc5+ Kf4 57. Nf1 Rc2+ 58. Kg1 Rc1 59. Rc8 Kf3 60. Rf8+ Rf4 61. Rxf4+ Kxf4 62. Kf2 Rc2+ 63. Ke1 Rxc4 64. Nd2 Rc1+ 65. Ke2 Rc3 66. Nf1 Ke4 67. Nd2+ Kf4 68. Nf1 Ra3 69. Nd2 Ra2 1/2-1/2

[Event "HUN-ch U20 Girls"]
[Site "Budapest"]
[Date "2008.02.20"]
[Round "3"]
[White "Ignacz, Rozsa"]
[Black "Toth, Sarolta"]
[Result "0-1"]
[WhiteElo "2065"]
[BlackElo "2125"]
[PlyCount "96"]
[EventDate "2008.02.18"]
[EventType "tourn"]
[EventRounds "9"]
[EventCountry "HUN"]
[SourceTitle "EXT 2011"]
[Source "ChessBase"]
[SourceDate "2010.11.26"]
[SourceVersion "1"]
[SourceVersionDate "2010.11.26"]
[SourceQuality "1"]

1. d4 Nf6 2. c4 c5 3. d5 b5 4. cxb5 a6 5. b6 g6 6. Nc3 Qxb6 7. a4 a5 8. e4 d6 9. Bb5+ Bd7 10. Qe2 Bg7 11. f4 Qb7 12. Nf3 0-0 13. 0-0 Bxb5 14. axb5 Nbd7 15. Rd1 Nb6 16. h3 Rfd8 17. Be3 a4 18. Ra3 Ne8 19. g4 Nc7 20. f5 Nd7 21. fxg6 hxg6 22. Ng5 Ra5 23. Qf2 Nf6 24. e5 dxe5 25. Bxc5 Nxb5 26. Bb6 Nxc3 27. Rxc3 Raxd5 28. Rxd5 Rxd5 29. Rc7 Rd1+ 30. Kh2 Qd5 31. Rc8+ Bf8 32. Be3 Rh1+ 33. Kg3 Qd3 34. Rc3 Qf1 35. Qxf1 Rxf1 36. Rc8 Rb1 37. Ra8 Rxb2 38. Rxa4 Rb3 39. Kf2 Nd5 40. Bc5 Nf4 41. Be3 Nd3+ 42. Ke2 Bh6 43. Ra7 Bxg5 44. Bxg5 f6 45. Be3 Kf7 46. h4 Nf4+ 47. Kf2 Nd5 48. Bc5 Rh3 0-1

[Event "Pamplona op"]
[Site "Pamplona"]
[Date "2007.12.27"]
[Round "7"]
[White "Ignacz, Rozsa"]
[Black "Estremera Panos, Sergio"]
[Result "0-1"]
[WhiteElo "2079"]
[BlackElo "2400"]
[PlyCount "50"]
[EventDate "2007.12.22"]
[EventType "swiss"]
[EventRounds "9"]
[EventCountry "ESP"]
[SourceTitle "CBM 121 Extra"]
[Source "ChessBase"]
[SourceDate "2008.01.10"]
[SourceVersion "1"]
[SourceVersionDate "2008.01.10"]
[SourceQuality "1"]

1. d4 Nf6 2. c4 e6 3. Nc3 Bb4 4. Qc2 d6 5. Nf3 Nbd7 6. e4 e5 7. Be2 0-0 8. Bd2 Re8 9. dxe5 dxe5 10. a3 Bf8 11. Rd1 c6 12. 0-0 Qc7 13. h3 a5 14. Be3 Nc5 15. Rd2 a4 16. Bxc5 Bxc5 17. Nxa4 Rxa4 18. Qxa4 Nxe4 19. Rdd1 Qb6 20. Qc2 Bxf2+ 21. Rxf2 Qxf2+ 22. Kh2 Bxh3 23. Bd3 Bxg2 24. Qxf2 Nxf2 25. Rd2 Bxf3 0-1

[Event "HUN-chT 0708"]
[Site "Hungary"]
[Date "2007.12.09"]
[Round "4"]
[White "Ignacz, Rozsa"]
[Black "Morvay, Miklos"]
[Result "1/2-1/2"]
[WhiteElo "2079"]
[BlackElo "2234"]
[PlyCount "129"]
[EventDate "2007.10.14"]
[EventType "team-tourn"]
[EventRounds "11"]
[EventCountry "HUN"]
[SourceTitle "EXT 2009"]
[Source "ChessBase"]
[SourceDate "2008.11.26"]
[SourceVersion "1"]
[SourceVersionDate "2008.11.26"]
[SourceQuality "1"]
[WhiteTeam "Honved"]
[BlackTeam "Postas/MTK"]
[WhiteTeamCountry "HUN"]
[BlackTeamCountry "HUN"]

1. d4 Nf6 2. c4 c5 3. d5 b5 4. cxb5 a6 5. b6 d6 6. Nc3 Nbd7 7. e4 Nxb6 8. Nf3 g6 9. Be2 Bg7 10. 0-0 0-0 11. h3 a5 12. a4 Ba6 13. Bxa6 Rxa6 14. Qc2 Nfd7 15. Nb5 Qc8 16. Bd2 f5 17. Ng5 fxe4 18. Ne6 Nf6 19. Nxf8 Qxf8 20. Nc3 Nc4 21. b3 Nxd2 22. Qxd2 Rb6 23. Nb5 Qa8 24. Rad1 Qb7 25. Qxa5 Kf7 26. Qd2 Rxb5 27. axb5 Qxb5 28. Qc2 Qb4 29. Rfe1 Bh6 30. Qc4 Bd2 31. Re2 Bc3 32. Rc2 Be5 33. Ra2 Qb7 34. Ra5 Bd4 35. b4 e3 36. Kf1 exf2 37. Rxd4 cxd4 38. Qxd4 Qc8 39. Kxf2 Qc1 40. Ra2 Qb1 41. Re2 Qf5+ 42. Ke1 Qb1+ 43. Kf2 Qf5+ 44. Kg1 Qxd5 45. Qxd5+ Nxd5 46. b5 Ke8 47. Rd2 Nb6 48. Ra2 Nc8 49. Kf2 Kd7 50. Ke3 Kc7 51. Ra6 Kb7 52. Ke4 Na7 53. Ra5 Kb6 54. Ra6+ Kb7 55. Ra1 Nxb5 56. Rf1 Kc6 57. Rf7 Kd7 58. Rxh7 Ke6 59. Rg7 d5+ 60. Kd3 Kf6 61. Rg8 e5 62. Rd8 Ke6 63. Re8+ Kf6 64. Rd8 Ke6 65. Re8+ 1/2-1/2

[Event "Wch U18 Girls"]
[Site "Kemer"]
[Date "2007.11.26"]
[Round "9"]
[White "Davletbayeva, Madina"]
[Black "Ignacz, Rozsa"]
[Result "1-0"]
[WhiteElo "2165"]
[BlackElo "2079"]
[PlyCount "97"]
[EventDate "2007.11.18"]
[EventType "swiss"]
[EventRounds "11"]
[EventCountry "TUR"]
[SourceTitle "CBM 121 Extra"]
[Source "ChessBase"]
[SourceDate "2008.01.10"]
[SourceVersion "1"]
[SourceVersionDate "2008.01.10"]
[SourceQuality "1"]

1. e4 c6 2. d4 d5 3. Nd2 dxe4 4. Nxe4 Bf5 5. Ng3 Bg6 6. Nf3 Nd7 7. Bd3 Bxd3 8. Qxd3 Qc7 9. 0-0 e6 10. c4 Ngf6 11. Re1 0-0-0 12. Bd2 h6 13. b4 Bd6 14. b5 c5 15. Qe2 cxd4 16. Nxd4 Nc5 17. Nb3 Rd7 18. Bc3 Rhd8 19. Nxc5 Bxc5 20. a4 Bd4 21. Bxd4 Rxd4 22. c5 Rd2 23. Qc4 R8d4 24. Qf1 Ng4 25. Re2 Rxe2 26. Qxe2 Qxc5 27. h3 Nf6 28. Kh2 Kb8 29. Qe3 Rc4 30. Qf3 Qc7 31. a5 Qf4 32. Qa3 Rc8 33. b6 a6 34. Rd1 Nd5 35. Kg1 Qb4 36. Qf3 Qf4 37. Qa3 f6 38. Nh5 Qe5 39. Ng3 g5 40. Qd3 Qc3 41. Qe4 Qc6 42. Nh5 Qc2 43. Qg4 f5 44. Qg3+ f4 45. Qg4 Qg6 46. Qe2 Nc3 47. Qe5+ Ka8 48. Qxc3 Rb8 49. Nf6 1-0

[Event "Wch U18 Girls"]
[Site "Kemer"]
[Date "2007.11.22"]
[Round "5"]
[White "Bogdan, Elizaveta"]
[Black "Ignacz, Rozsa"]
[Result "0-1"]
[WhiteElo "1861"]
[BlackElo "2079"]
[PlyCount "70"]
[EventDate "2007.11.18"]
[EventType "swiss"]
[EventRounds "11"]
[EventCountry "TUR"]
[SourceTitle "CBM 121 Extra"]
[Source "ChessBase"]
[SourceDate "2008.01.10"]
[SourceVersion "1"]
[SourceVersionDate "2008.01.10"]
[SourceQuality "1"]

1. Nf3 Nf6 2. g3 e6 3. Bg2 d5 4. d3 Be7 5. 0-0 c5 6. Nbd2 Nc6 7. Re1 b6 8. e4 Bb7 9. exd5 Nxd5 10. Nc4 0-0 11. Qe2 Bf6 12. Nce5 Qc7 13. Ng4 Be7 14. Ng5 Nd4 15. Qe4 f5 16. Qe5 Bd6 17. Nxe6 Bxe5 18. Nxc7 Bxc7 19. Ne3 Nxe3 20. Bxb7 Rab8 21. fxe3 Nxc2 22. Bd5+ Kh8 23. Bd2 Rbd8 24. Bc4 Nxa1 25. Rxa1 Be5 26. Rb1 Rfe8 27. Kg2 Bf6 28. Kf3 h6 29. b4 Be7 30. a3 Bd6 31. Rb3 Re7 32. Bb5 cxb4 33. axb4 Rc7 34. Bc4 Be5 35. Rb1 Rxc4 0-1

[Event "Calvia op 4th"]
[Site "Calvia"]
[Date "2007.10.19"]
[Round "5"]
[White "Aleskerov, Faik"]
[Black "Ignacz, Rozsa"]
[Result "1-0"]
[WhiteElo "2327"]
[BlackElo "2079"]
[PlyCount "71"]
[EventDate "2007.10.15"]
[EventType "swiss"]
[EventRounds "9"]
[EventCountry "ESP"]
[SourceTitle "CBM 120 Extra"]
[Source "ChessBase"]
[SourceDate "2007.11.01"]
[SourceVersion "1"]
[SourceVersionDate "2007.11.01"]
[SourceQuality "1"]

1. Nc3 d5 2. g3 Nf6 3. Bg2 c6 4. Nf3 Bf5 5. d4 e6 6. 0-0 Nbd7 7. Nh4 Bg6 8. Nxg6 hxg6 9. f3 c5 10. Be3 Rc8 11. Kh1 Nh5 12. Qe1 Bd6 13. f4 g5 14. dxc5 Nxc5 15. Nb5 Bb8 16. b4 gxf4 17. gxf4 Na4 18. Rf3 a6 19. Nd4 Qf6 20. Qf2 Nc3 21. Rh3 Kd7 22. Rf1 Nxa2 23. b5 Nb4 24. bxa6 bxa6 25. c3 Rxc3 26. Nf3 Nc6 27. Bd2 Rc4 28. Qb6 g6 29. e4 Nxf4 30. Qb7+ Kd8 31. Ba5+ Nxa5 32. Rxh8+ Qxh8 33. Qxb8+ Rc8 34. Qxf4 dxe4 35. Ng5 Qd4 36. Nxf7+ 1-0

[Event "Calvia op 4th"]
[Site "Calvia"]
[Date "2007.10.15"]
[Round "1"]
[White "Romanishin, Oleg M"]
[Black "Ignacz, Rozsa"]
[Result "1-0"]
[WhiteElo "2547"]
[BlackElo "2079"]
[PlyCount "63"]
[EventDate "2007.10.15"]
[EventType "swiss"]
[EventRounds "9"]
[EventCountry "ESP"]
[SourceTitle "CBM 120 Extra"]
[Source "ChessBase"]
[SourceDate "2007.11.01"]
[SourceVersion "1"]
[SourceVersionDate "2007.11.01"]
[SourceQuality "1"]

1. d4 Nf6 2. Nf3 b6 3. g3 e6 4. Bg2 Bb7 5. c4 Be7 6. Nc3 0-0 7. d5 Na6 8. 0-0 Nc5 9. Nd4 a5 10. e4 e5 11. Nf5 d6 12. f4 Bc8 13. fxe5 dxe5 14. Nxe7+ Qxe7 15. Bg5 Ncd7 16. d6 Qxd6 17. Qxd6 cxd6 18. Rad1 Ba6 19. b3 h6 20. Bxf6 Nxf6 21. Rxd6 Rfb8 22. a4 Ne8 23. Rc6 Kf8 24. Rd1 Bc8 25. Bf1 f6 26. Be2 g6 27. Nd5 Bb7 28. Rxb6 Bxd5 29. Rxb8 Rxb8 30. exd5 Ke7 31. c5 Rxb3 32. d6+ 1-0

[Event "HUN-chT 0708"]
[Site "Hungary"]
[Date "2007.10.14"]
[Round "1"]
[White "Domany, Zsofia"]
[Black "Ignacz, Rozsa"]
[Result "1/2-1/2"]
[WhiteElo "2193"]
[BlackElo "2079"]
[PlyCount "71"]
[EventDate "2007.10.14"]
[EventType "team-tourn"]
[EventRounds "11"]
[EventCountry "HUN"]
[SourceTitle "EXT 2009"]
[Source "ChessBase"]
[SourceDate "2008.11.26"]
[SourceVersion "1"]
[SourceVersionDate "2008.11.26"]
[SourceQuality "1"]
[WhiteTeam "Mako"]
[BlackTeam "Honved"]
[WhiteTeamCountry "HUN"]
[BlackTeamCountry "HUN"]

1. e4 c6 2. d4 d5 3. e5 Bf5 4. Be3 e6 5. Nd2 Nd7 6. c3 c5 7. Ngf3 cxd4 8. Bxd4 Ne7 9. c4 dxc4 10. Bxc4 Nc6 11. 0-0 Be7 12. Bc3 0-0 13. Qe2 a6 14. a4 Nb6 15. Ne4 Qc7 16. Ng3 Bg6 17. Bd3 Nd5 18. Bxg6 hxg6 19. Bd2 Rac8 20. Rac1 Qb6 21. Ne4 Nd4 22. Nxd4 Qxd4 23. Nc3 Nxc3 24. Bxc3 Qxa4 25. Qf3 Qb5 26. Rfe1 Rfd8 27. Re4 Qd3 28. Qg4 b5 29. Rce1 Rc6 30. h4 Rc4 31. Rxc4 Qxc4 32. Qxc4 bxc4 33. g3 Kf8 34. Ra1 Bc5 35. Rxa6 Rc8 36. Kf1 1/2-1/2

[Event "Budapest FS04 FM-A"]
[Site "Budapest"]
[Date "2007.04.16"]
[Round "10"]
[White "Lakat, Gyula"]
[Black "Ignacz, Rozsa"]
[Result "1-0"]
[WhiteElo "1949"]
[BlackElo "2039"]
[PlyCount "89"]
[EventDate "2007.04.07"]
[EventType "tourn"]
[EventRounds "11"]
[EventCountry "HUN"]
[EventCategory "1"]
[SourceTitle "CBM 117 Extra"]
[Source "ChessBase"]
[SourceDate "2007.05.09"]
[SourceVersion "1"]
[SourceVersionDate "2007.05.09"]
[SourceQuality "1"]

1. d4 Nf6 2. Nf3 e6 3. g3 b5 4. Bg2 Bb7 5. Bg5 c5 6. Bxf6 Qxf6 7. e3 Be7 8. c3 Nc6 9. Nbd2 Na5 10. Qe2 cxd4 11. exd4 a6 12. b4 Nc4 13. Nxc4 bxc4 14. 0-0 d6 15. a4 g5 16. Nd2 Bxg2 17. Kxg2 d5 18. f4 gxf4 19. Rxf4 Qg6 20. Raf1 Bg5 21. Rxf7 Bxd2 22. Qxd2 Qxf7 23. Rxf7 Kxf7 24. Qf4+ Ke7 25. Qc7+ Kf6 26. g4 Rhg8 27. Kf3 Rg7 28. Qe5+ Kf7 29. h4 Rf8 30. Kg3 Rfg8 31. g5 Rg6 32. Qc7+ Kf8 33. Qc8+ Ke7 34. Qxa6 h6 35. Qb7+ Kd6 36. Qb6+ Kd7 37. Qb7+ Kd6 38. b5 hxg5 39. Qc6+ Ke7 40. h5 Rf6 41. Qc7+ Ke8 42. b6 Rgf8 43. b7 Rf3+ 44. Kg4 R3f4+ 45. Qxf4 1-0